The truth about profiting from social networking

Đã lưu trong:
Sonraí Bibleagrafaíochta
Príomhúdar: Rutledge, Patrice-Anne
Údair Eile: Ngô, Lan Hương
Formáid: Leabhar
Teanga:Undetermined
Foilsithe: Lao động - Xã Hội 2012
Ábhair:
Rochtain Ar Líne:http://lrc.tdmu.edu.vn/opac/search/detail.asp?aID=2&ID=18364
Clibeanna: Cuir Clib Leis
Gan Chlibeanna, Bí ar an gcéad duine leis an taifead seo a chlibeáil!
Thư viện lưu trữ: Trung tâm Học liệu Trường Đại học Thủ Dầu Một
LEADER 01416nam a2200193Ia 4500
001 TDMU_18364
008 210410s9999 xx 000 0 und d
082 |a 381 
090 |b R522 
100 |a Rutledge, Patrice-Anne 
245 4 |a The truth about profiting from social networking 
260 |b Lao động - Xã Hội 
260 |c 2012 
300 |a 291 tr. 
520 |p Nguyên bản :  |t The truth about profiting from social networking; Những người làm kinh doanh thông minh sử dụng mạng xã hội để hỗ trợ việc marketing cũng như các chiến lược kinh doanh của mình. Nhưng sẽ thật khó nếu không hiểu rõ mạng xã hội lẫn những chuẩn mực cộng đồng trong đó. Nội dung cuốn sách mang đến những lời khuyên để điều khiển những dòng nước này, và còn đưa ra những ví dụ dễ hiểu và có thể áp dụng trong chính doanh nghiệp của bạn. 
650 |a Mạng xã hội trực tuyến  |x Khía cạnh kinh tế; Mạng xã hội  |x Nguồn mạng máy tính; Xã hội thông tin  |x Khía cạnh kinh tế 
700 |a Ngô, Lan Hương 
856 |u http://lrc.tdmu.edu.vn/opac/search/detail.asp?aID=2&ID=18364 
980 |a Trung tâm Học liệu Trường Đại học Thủ Dầu Một